Najkrwawsze bitwy II wojny światowej - Statystyki

Ogólne statystyki
  • Ten quiz został rozwiązany 526 razy
  • Średni wynik to 5 z 12
Statystyki odpowiedzi
Nazwa Rok Ofiary % Poprawnych
Bitwa o Stalingrad 1942–1943 1 250 000 – 2 500 620
91%
Bitwa o Berlin 1945 1 298 745
89%
Oblężenie Leningradu 1941–1944 1 117 000 – 5 500 000
72%
Powstanie warszawskie 1944 200 000
66%
Bitwa o Kijów 1941 700 544
41%
Bitwa o Ardeny 1944–1945 161 370 – 218 900
33%
Bitwa o Okinawę 1945 241 593
30%
Bitwa o Szanghaj 1937 400 000
19%
Oblężenie Budapesztu 1944–1945 422 000
14%
Drugie oblężenie Sewastopola 1941–1942 236 437
13%
Bitwa o Wuhan 1938 540 000
10%
Bitwa pod Xinkou 1937 200 000
2%
Nie znaleziono quizów pasujących do podanych kryteriów
Rozkład punktacji
Procent ludzi z każdym wynikiem
Percentyl według liczby udzielonych odpowiedzi
Twoja historia wyników
Nie rozwiązałeś tego quizu